01628nam a2200361 c 450000100060000000300100000600500170001600700030003300800410003602000180007704000350009504100130013004300120014308400060015510000340016124500940019525000220028926400620031130000520037333600270042533700330045233800280048549000450051352003940055852100620095253400260101465000360104065000550107665000350113165000550116670000240122170000210124557983CO-BoRNBP20250813220334.0ta200421s2007 mx a cr 000 j spa d a9789681637484 aCO-BoRNBPbspaerdacCO-BoRNBP1 aspaheng an-us--- aC aMiles, Miska,d1899-1986eaut10aAni y la anciana /cMiska Miles ; traducido por Katy Torre ; ilustrado por Peter Parnall. aPrimera edición 1aMéxico :bEditorial Fondo de Cultura Económica,c2007 a44 páginas :bilustraciones en blanco y negro atextobtxt2rdacontent asin mediaciónbn2rdamedia avolumenbnc2rdacarrier0 aLos especiales de a la orilla del viento aEn el mundo navajo hay un tiempo para que cada cosa regrese a la tierra. La abuela lo entiende; la madre de Ani también, pero Ani numbers Ani no puede imaginar el mundo sin la anciana, que tiene tiempo para ayudarla a cuidar los borregos, para jugar y para reír con ella. Una aproximación a la muerte y el tiempo desde la sabiduría de las culturas amerindias. (Tomado de la fuente)1 aRecomendado para un público infantil mayor de 10 años tAnnie and the Old One07aAncianos en la literatura2lemb04aCuentos infantiles estadounidensesysiglo xx2LEMB07aNiños en la literatura2lemb04aLiteratura infantil estadounidenseysiglo xx2LEMB aParnell, Petereill aTorre, Katyetrl